000 00306nam a22001337a 4500
008 171010b xxu||||| |||| 00| 0 eng d
020 _a9780072557435
041 _aeng
080 _210TH
_a316
100 _a50
101 _aSOC
245 _aDRUGS, SOCIETY, AND HUMAN BEHAVIOR
_cRAY,O
942 _2udc
_cBK
999 _c33001
_d33001